000 00405nam a2200169Ia 4500
008 210210b1901 xxu||||| |||| 00| 0 eng d
041 _aeng
082 _a821/379
100 _aMARVELL (A)
245 _aStaires: Aitkin Ed
260 _aLondon
_bGeorge Routledge and Sons Limited
_c1901
650 _aStaires:
650 _aEd
650 _aAitkin
690 _aEnglish Literature
906 _a011548
999 _c130228
_d130228